000 00468nam a2200169 i 4500
001 75127
003 ES-MaACL
005 20230906172338.0
007 t|
008 040922s1966 sp ||||1| spa d
100 1 _aGoodman, Edward.
_959106
245 1 0 _aGangsterismo
_b: una historia increíble /
_cEdward Goodman.
250 _a[1ª ed.].
260 _a[Madrid] :
_bRollán,
_c[1966]
300 _a576 p. :
_bil. ;
_c19 cm.
852 _aES-MaACL
_jC-34139
_bR.65134
999 _c75127
_d75127